000 00434cam a2200181ua 4500
020 _c3
041 _amal
_h
082 _a894.812 803
_bKAL/OR
100 _aKalyani Amma, .
245 _aOrmayil Ninnu /
_cKalyani Amma.
_hTextual Documents
250 _a1 /
_b.
260 _a :
_bSahitya Pravarthaka Co-operative Society ,
_c1964.
300 _a224 ; .
365 _a3
504 _a
942 _cBK
999 _c3788
_d3788